| 000 | 00851nam a2200253Ia 4500 | ||
|---|---|---|---|
| 003 | OSt | ||
| 005 | 20220923221257.0 | ||
| 006 | a|||||r|||| 00| 0 | ||
| 007 | ta | ||
| 008 | 220922b |||||||| |||| 00| 0 hin d | ||
| 024 | _a196,423 | ||
| 037 | _cTextual | ||
| 040 |
_aARTS _cARTS _bhin |
||
| 041 |
_2hin _ahin |
||
| 082 | _aP152v, L0 | ||
| 100 | _aवार्ष्णेय, लक्ष्मी सागर | ||
| 245 | 0 | _aहिन्दी भाषा का इतिहास | |
| 246 | _aHindī bhāṣhā kā itihāsa | ||
| 260 |
_aकलकत्ता _b मैकमिलन कम्पनी _c1970 |
||
| 300 |
_a147पृ. _ccm. |
||
| 650 | _aहिन्दी भाषा | ||
| 942 |
_hP152v, L0 _cTEXL _2CC |
||
| 999 |
_c348294 _d348294 |
||